Queen Lyric Quiz (Hard) - Statistics

General Stats
  • This quiz has been taken 57 times
  • The average score is 6 of 15
Answer Stats
Lyrics Song % Correct
My soul is painted like the wings of butterflies, fairytales of yesterday will grow but never die The Show Must Go On
74%
Oh, every night and every day a little piece of me is falling away Hammer To Fall
56%
Now it's a beautiful day. The postman delivered a letter from your lover Friends Will Be Friends
54%
One great big eye has a focus in your direction. Now the battle is on! Ogre Battle
48%
"Take good care of what you've got", my father said to me Good Company
46%
Come on, come on, the time is right, the man is evil and that is right Great King Rat
38%
A dig in the ribs and then a kick in the head, he's taken an arm and taken a leg Flick Of The Wrist
34%
I wish Friday would last forever. I held her close to me In Only Seven Days
34%
And no one never really knows the truth from the lies Scandal
34%
In the quiet of the night let our candle always burn, let us never lose the lessons we have learned Teo Torriatte (Let Us Cling Together)
34%
Now you start freaking everyway you turn, you can't start walking 'cause your feet got burned Headlong
32%
I had to swallow my pride, so naive, you took me for a ride Who Needs You
32%
I read your letter so many times, I got your meaning between the lines Need Your Loving Tonight
28%
Torsos in my closet, shadows from my past Life Is Real (Song for Lennon)
22%
A million lights above you smile down upon your home Long Away
18%
No matching quizzes found
Score Distribution
Percent of People with Each Score
Percentile by Number Answered
Your Score History
You have not taken this quiz